00672nam a2200205 a 4500008004100000020003200041040002500073041001300098044001100111080001200122100002500134245008100159250001300240260008300253300002800336500002500364700002500389700002600414700002600440951212s1977||||[C 0 slo c c33 Kčs. q(40000 výtl.) aSNKbslocSNKeAACR21 aslohswe axocSK a839.7-31 aLAGERLOF, Selma4aut10aJeruzalemcSelma LAGERLOF ; Selma Lagerlof, Peter Hrivnák, Dušan Stopiak a2., vyd. aBratislavabSlovenský spisovateĺc1977eBanská BystricafTlačiarne SNP a451 s., 27,73 AHc21 cm aBrož. 27,80 Kčs.1 aLagerlof, Selma4aut1 aHrivnák, Peter4trl1 aStopiak, Dušan4bkd